[Event "Bonn Staudte Memorial"]
[Site "Bonn"]
[Date "1979.08.??"]
[Round "2"]
[White "Reefschlaeger, Helmut"]
[Black "Gerusel, Mathias"]
[Result "1-0"]
[WhiteElo "2370"]
[BlackElo "2425"]
[PlyCount "82"]
[EventDate "1979.??.??"]
[Source "www.chesslib.no"]
[SourceDate "2004.05.04"]

1. b3 c5 2. Bb2 Nc6 3. e3 e5 4. Bb5 Nge7 5. Ne2 g6 6. O-O Bg7 7. c3 O-O 8. d4 exd4 9. cxd4 Nf5 10. Bd3 d5 11. Ba3 Nb4 12. Nbc3 Qa5 13. Bxb4 cxb4 14. Na4 Re8 15. Qd2 Bf8 16. Rfc1 b6 17. Nf4 Bd7 18. a3 Be6 19. Be2 Rac8 20. Nd3 Rxc1+ 21. Rxc1 bxa3 22. Qxa5 bxa5 23. Ndc5 Nd6 24. Bd3 Rb8 25. Ra1 Nb7 26. Rxa3 Nxc5 27. Nxc5 Bxc5 28. dxc5 Bd7 29. Kf1 a4 30. bxa4 Rc8 31. Rc3 Bxa4 32. Ba6 Rc7 33. Ke2 Kf8 34. Kd3 Ke7 35. Kd4 Bc6 36. Rb3 Ke6 37. Rb8 h5 38. Rd8 Ke7 39. Rb8 Ke6 40. Bb5 Bxb5 41. Rxb5 Rc6 1-0

[Event "Moscow Open"]
[Site "Moscow RUS"]
[Date "1995.??.??"]
[Round "9"]
[White "Odesskij, Ilia"]
[Black "Yasinsky, V."]
[Result "1/2-1/2"]
[WhiteElo "2405"]
[BlackElo "2385"]
[PlyCount "59"]
[EventDate "1995.??.??"]
[Source "www.chesslib.no"]
[SourceDate "2004.05.04"]

1. b3 c5 2. Bb2 Nc6 3. Nf3 d6 4. c4 e5 5. Nc3 g6 6. g3 Bg7 7. Bg2 Nge7 8. O-O O-O 9. d3 f5 10. e3 h6 11. Ne1 g5 12. f4 exf4 13. gxf4 g4 14. Qd2 Qa5 15. a3 Be6 16. Rf2 Rae8 17. b4 cxb4 18. Nb5 Bxb2 19. Qxb2 bxa3 20. Qxa3 Qxa3 21. Rxa3 Rd8 22. Rb2 a6 23. Nc7 Bc8 24. Nc2 Rd7 25. Na8 Nd8 26. Nb4 h5 27. d4 Kg7 28. Nd5 Nxd5 29. Bxd5 Re7 30. Nb6 1/2-1/2

[Event "XIV Open Belisce Metalis"]
[Site "Bizovac CRO"]
[Date "2007.02.22"]
[Round "2"]
[White "Kalajzic, I."]
[Black "Perunovic, Mil"]
[Result "0-1"]
[WhiteElo "2241"]
[BlackElo "2547"]
[PlyCount "82"]
[EventDate "2007.02.22"]
[Source "www.chesslib.no"]
[SourceDate "2004.05.04"]

1. b3 c5 2. Bb2 b6 3. Nf3 Bb7 4. e3 Nf6 5. Be2 e6 6. O-O Be7 7. c4 O-O 8. Nc3 a6 9. Rc1 d6 10. d4 Nbd7 11. Rc2 Rc8 12. Qa1 cxd4 13. Nxd4 Qc7 14. Rd1 Ne5 15. h3 Ng6 16. Bf3 Nh4 17. Bxb7 Qxb7 18. f3 e5 19. Nde2 b5 20. cxb5 axb5 21. Rdc1 Qa7 22. Nd1 Rxc2 23. Rxc2 Nd5 24. Bc1 Bg5 25. Nec3 Nxe3 26. Nxe3 Bxe3+ 27. Kh1 Nf5 28. Nxb5 Qb6 29. Bxe3 Nxe3 30. Qg1 d5 31. Nd6 f5 32. Nc8 Qd4 33. Ne7+ Kh8 34. Nc6 Qf4 35. Re2 d4 36. Qh2 Rc8 37. Qxf4 exf4 38. Nxd4 Rc1+ 39. Kh2 Nf1+ 40. Kg1 Ng3+ 41. Kf2 Nh1# 0-1

[Event "Oslo Open"]
[Site "Oslo NOR"]
[Date "1994.??.??"]
[Round "6"]
[White "Myrvold, Torben"]
[Black "Ernst, Thomas"]
[Result "1/2-1/2"]
[WhiteElo "2305"]
[BlackElo "2480"]
[PlyCount "109"]
[EventDate "1994.03.??"]
[Source "www.chesslib.no"]
[SourceDate "2004.05.04"]

1. b3 c5 2. Bb2 Nc6 3. f4 d6 4. e3 e6 5. Nf3 Nf6 6. Be2 Be7 7. O-O O-O 8. c4 b6 9. Nc3 Bb7 10. d4 cxd4 11. Nxd4 Nxd4 12. exd4 d5 13. f5 exf5 14. Rxf5 Qd7 15. Qd3 dxc4 16. bxc4 Be4 17. Nxe4 Qxf5 18. Nxf6+ Qxf6 19. Rf1 Qg6 20. Qh3 Qe6 21. Qd3 Rae8 22. Bf3 Bd6 23. Bc1 Qg6 24. Qb3 Re7 25. a4 Rfe8 26. Bd2 Re2 27. Qb5 h6 28. c5 a6 29. Qxb6 Rxd2 30. cxd6 Qg5 31. d5 f5 32. d7 Rd8 33. Qe6+ Kh7 34. h4 Qf4 35. h5 Qg5 36. d6 Rd4 37. Bd5 Rxa4 38. Qe8 Re4 39. Bg8+ Kh8 40. Be6+ Kh7 41. Qg6+ Qxg6 42. hxg6+ Kh8 43. Rc1 Rb4 44. Rc8 Rb8 45. Kf2 a5 46. Ke3 a4 47. Kf4 a3 48. Kxf5 Rf8+ 49. Rxf8+ Rxf8+ 50. Ke5 h5 51. Ba2 h4 52. Ke6 h3 53. gxh3 Rf6+ 54. Ke7 Rxd6 55. Kxd6 1/2-1/2

[Event "CZE Team Ch 9697"]
[Site "Czech Republic"]
[Date "1997.??.??"]
[Round "10"]
[White "Kozak, Milos"]
[Black "Ioseliani, Nana M"]
[Result "0-1"]
[WhiteElo "2265"]
[BlackElo "2510"]
[PlyCount "66"]
[EventDate "1996.??.??"]
[Source "www.chesslib.no"]
[SourceDate "2004.05.04"]

1. b3 c5 2. Bb2 Nc6 3. Nf3 d6 4. c4 e5 5. d3 g6 6. e3 Bg7 7. a3 Nge7 8. Be2 O-O 9. Qc2 h6 10. O-O g5 11. Rd1 Ng6 12. Nc3 Be6 13. Bf1 g4 14. Ne1 f5 15. Ne2 f4 16. d4 fxe3 17. fxe3 Qf6 18. Nd3 cxd4 19. exd4 e4 20. Nb4 Qf2+ 21. Kh1 Nxb4 22. axb4 Bf5 23. Qc3 e3 24. Re1 Rae8 25. b5 Nh4 26. Ng3 e2 27. Rxe2 Rxe2 28. Nxe2 Be4 29. Qg3 Qxf1+ 30. Rxf1 Rxf1+ 31. Ng1 Bxg2+ 32. Qxg2 Nxg2 33. Kxg2 Rb1 0-1

[Event "SUI-chT"]
[Site "?"]
[Date "1997.??.??"]
[Round "?"]
[White "Costa Jean Luc"]
[Black "Partos Charles"]
[Result "0-1"]
[WhiteElo "2395"]
[BlackElo "2380"]
[PlyCount "100"]
[EventDate "1997.??.??"]
[Source "www.chesslib.no"]
[SourceDate "2004.05.04"]

1. b3 c5 2. Bb2 Nc6 3. e3 e5 4. Bb5 f6 5. Ne2 a6 6. Bxc6 bxc6 7. d4 cxd4 8. exd4 d6 9. O-O Nh6 10. f4 e4 11. d5 Qb6+ 12. Kh1 Ng4 13. dxc6 Nf2+ 14. Rxf2 Qxf2 15. Bd4 e3 16. Nbc3 Bh3 17. Qg1 Qxg1+ 18. Kxg1 Bg4 19. Nd5 Rc8 20. Re1 Rxc6 21. c4 Be7 22. Nec3 Kf7 23. Nb4 Rcc8 24. Nxa6 Be6 25. Nb4 Bxc4 26. bxc4 Rxc4 27. Rxe3 Rxb4 28. Rxe7+ Kxe7 29. Nd5+ Ke6 30. Nxb4 Rc8 31. Be3 Rc4 32. Bd2 Rd4 33. Be1 Rxf4 34. a4 Rf5 35. Nc6 Rd5 36. Bc3 Rd1+ 37. Kf2 Kd5 38. Na7 Kc4 39. Be1 Ra1 40. Nc8 d5 41. Nb6+ Kc5 42. a5 Ra2+ 43. Kf3 d4 44. Nd7+ Kb5 45. Nf8 d3 46. Ne6 Kc4 47. Nxg7 Re2 48. Bh4 Re7 49. Nf5 d2 50. Nxe7 d1=Q+ 0-1

[Event "Copenhagen"]
[Site "Copenhagen"]
[Date "1995.??.??"]
[Round "4"]
[White "Stein, Bernd"]
[Black "Welling, Gerard"]
[Result "1/2-1/2"]
[WhiteElo "2365"]
[BlackElo "2400"]
[PlyCount "79"]
[EventDate "1995.??.??"]
[Source "ChessBase"]

1. b3 c5 2. Bb2 e6 3. Nf3 Nf6 4. e3 b6 5. c4 Bb7 6. Nc3 Be7 7. Rc1 O-O 8. Bd3 Nc6 9. Bb1 d5 10. cxd5 exd5 11. O-O d4 12. Ne4 Re8 13. exd4 Nxd4 14. Re1 Bxe4 15. Bxe4 Nxe4 16. Rxe4 Qd5 17. d3 f5 18. Re3 Bf6 19. Bxd4 Bxd4 20. Nxd4 cxd4 21. Rxe8+ Rxe8 22. Qd2 Qe5 23. h3 h6 24. a4 Kh7 25. b4 Re6 26. b5 Rg6 27. Rc6 Rxc6 28. bxc6 Qc5 29. Qf4 Qxc6 30. Qxd4 Kg6 31. g4 fxg4 32. hxg4 Qf6 33. Qd7 Qf7 34. Qd4 Kg5 35. Kg2 Qf4 36. Qxg7+ Kh4 37. Qxa7 Qxg4+ 38. Kf1 Qd1+ 39. Kg2 Qg4+ 40. Kh2 1/2-1/2

[Event "Eksjo 7th"]
[Site "Eksjo SWE"]
[Date "1979.??.??"]
[Round "2"]
[White "Schneider, Lars-Ake"]
[Black "Danner, Georg"]
[Result "1-0"]
[WhiteElo "2420"]
[BlackElo "2335"]
[PlyCount "83"]
[EventDate "1979.??.??"]
[Source "www.chesslib.no"]
[SourceDate "2004.05.04"]

1. b3 c5 2. Bb2 d6 3. e3 e5 4. Nf3 Nf6 5. Be2 Nc6 6. O-O Be7 7. c4 O-O 8. d3 Re8 9. a3 a6 10. Qc2 Bf8 11. Nc3 Rb8 12. Nd2 Be6 13. Nde4 g6 14. Nxf6+ Qxf6 15. f4 Qd8 16. fxe5 dxe5 17. Bf3 Bg7 18. Bd5 Qd7 19. Bxe6 Rxe6 20. Nd5 f5 21. e4 f4 22. Qf2 Qd6 23. Bc3 g5 24. b4 cxb4 25. axb4 Rg6 26. b5 axb5 27. cxb5 Nd4 28. Bb4 Qd7 29. Ne7+ Kf7 30. Nxg6 Kxg6 31. b6 Qb5 32. Bc3 Rd8 33. Bxd4 Rxd4 34. Qa2 Qxb6 35. Rfb1 Rb4+ 36. Kh1 Bf8 37. Rxb4 Bxb4 38. Rb1 Qc6 39. Qg8+ Kh6 40. h4 gxh4 41. Rxb4 f3 42. Qf8+ 1-0

[Event "Rimavska Sobota"]
[Site "Rimavska Sobota"]
[Date "1974.??.??"]
[Round "4"]
[White "Ujtelky, Maximilian"]
[Black "Minev, Nikolay N"]
[Result "1/2-1/2"]
[WhiteElo "2295"]
[BlackElo "2455"]
[PlyCount "30"]
[EventDate "1974.??.??"]
[Source "ChessBase"]

1. b3 c5 2. Nf3 Nc6 3. Bb2 d6 4. e3 e5 5. d3 g6 6. c4 Bg7 7. Nc3 Nge7 8. Be2 O-O 9. Qd2 a6 10. O-O f5 11. a3 Kh8 12. Rab1 Be6 13. b4 b6 14. Na4 Bd7 15. Bd1 Rb8 1/2-1/2

[Event "BRA Ch"]
[Site "Curitiba"]
[Date "1992.12.??"]
[Round "5"]
[White "Van Riemsdijk, Herman C"]
[Black "Trindade, Sandro"]
[Result "0-1"]
[WhiteElo "2440"]
[BlackElo "2305"]
[PlyCount "66"]
[EventDate "1992.??.??"]
[Source "www.chesslib.no"]
[SourceDate "2004.05.04"]

1. b3 c5 2. Bb2 Nc6 3. g3 d5 4. Nf3 f6 5. Bg2 e5 6. O-O Be6 7. d3 Bd6 8. Nbd2 Nge7 9. c4 O-O 10. Rc1 b6 11. cxd5 Nxd5 12. Ne4 Be7 13. Qd2 Qd7 14. Nc3 Ndb4 15. Rfd1 Rad8 16. Ba1 Rf7 17. Qb2 Bf8 18. Ne4 Qe8 19. Rd2 Nd4 20. Nxd4 exd4 21. Rdd1 a5 22. Nd2 Re7 23. Re1 Bg4 24. Ne4 f5 25. a3 fxe4 26. axb4 exd3 27. bxa5 Rxe2 28. Rxe2 dxe2 29. Qd2 bxa5 30. Qxa5 d3 31. Bc3 Be6 32. Be4 Bxb3 33. Bd2 Qxe4 0-1

[Event "Capablanca mem-C 13th"]
[Site "Cienfuegos City CUB"]
[Date "1976.05.28"]
[Round "12"]
[White "Wade, Robert G"]
[Black "Fraguela Gil, Jose M"]
[Result "1/2-1/2"]
[WhiteElo "2360"]
[BlackElo "2380"]
[PlyCount "22"]
[EventDate "1976.05.17"]
[Source "www.chesslib.no"]
[SourceDate "2004.05.04"]

1. b3 c5 2. Bb2 d6 3. f4 Nf6 4. Nf3 e6 5. e3 Be7 6. Be2 O-O 7. O-O Nd5 8. c4 Bf6 9. Qc1 Bxb2 10. Qxb2 Qf6 11. Qxf6 Nxf6 1/2-1/2

[Event "ETCC Plovdiv 2003"]
[Site "?"]
[Date "2003.10.20"]
[Round "9.7"]
[White "Skripchenko Lautier Almira"]
[Black "Calzetta Monica"]
[Result "1-0"]
[WhiteElo "2460"]
[BlackElo "2274"]
[PlyCount "79"]
[EventDate "2003.??.??"]
[Source "www.chesslib.no"]
[SourceDate "2004.05.04"]

1. b3 c5 2. Bb2 Nc6 3. g3 e5 4. Bg2 d5 5. d3 Nf6 6. Nd2 Bd6 7. e3 O-O 8. Ne2 Be6 9. h3 Qd7 10. g4 d4 11. e4 b5 12. a3 Rac8 13. Nf3 c4 14. Ng5 cxb3 15. cxb3 Rc7 16. O-O Rfc8 17. f4 exf4 18. Nf3 h5 19. g5 Nh7 20. Kf2 Bxh3 21. Bxh3 Qxh3 22. Rh1 Qg4 23. Rh4 Qe6 24. Rxh5 Nf8 25. b4 Ne5 26. Qh1 Ng4+ 27. Ke1 Ng6 28. Nexd4 Qd7 29. Nf5 Be5 30. d4 Rc2 31. Qh3 Rxb2 32. Qxg4 Qc7 33. Rd1 Qc2 34. Nd2 Bb8 35. Rh3 Re8 36. Qf3 Qc8 37. Kf1 Qc2 38. Qh5 Nh4 39. Rxh4 Qd3+ 40. Kg1 1-0

[Event "Zaragoza Open"]
[Site "Zaragoza"]
[Date "1993.??.??"]
[Round "?"]
[White "Jerez Perez, Alfonso"]
[Black "Komljenovic, Davor"]
[Result "0-1"]
[WhiteElo "2250"]
[BlackElo "2475"]
[PlyCount "60"]
[EventDate "1993.04.??"]
[Source "www.chesslib.no"]
[SourceDate "2004.05.04"]

1. b3 c5 2. Bb2 Nc6 3. f4 Nf6 4. Nf3 g6 5. e4 Bg7 6. d3 O-O 7. Be2 d5 8. e5 Ng4 9. Qd2 d4 10. O-O Bh6 11. Ne1 Ngxe5 12. Na3 Ng4 13. Bxg4 Bxg4 14. Qf2 Qd7 15. Qh4 Bg7 16. Nf3 f6 17. Rae1 Rae8 18. Nc4 Nb4 19. Rf2 b5 20. Na3 Nxa2 21. Nb1 Nb4 22. Bc3 Bxf3 23. Rxf3 Nxc2 24. Re2 Nb4 25. f5 g5 26. Qh5 Qd5 27. Nd2 Qf7 28. Qh3 h5 29. g4 e6 30. Ne4 exf5 0-1

[Event "Eksjo 7th"]
[Site "Eksjo SWE"]
[Date "1979.??.??"]
[Round "4"]
[White "Karlsson, Lars C-G"]
[Black "Danner, Georg"]
[Result "1-0"]
[WhiteElo "2375"]
[BlackElo "2335"]
[PlyCount "73"]
[EventDate "1979.??.??"]
[Source "www.chesslib.no"]
[SourceDate "2004.05.04"]

1. b3 c5 2. c4 Nc6 3. Nc3 g6 4. Bb2 Bg7 5. g3 e5 6. Bg2 Nge7 7. e3 O-O 8. Nge2 d6 9. d3 Rb8 10. O-O Be6 11. Nd5 Qd7 12. Re1 Bh3 13. Bh1 Nxd5 14. cxd5 Ne7 15. Rc1 Rbe8 16. Rc2 b6 17. Qa1 Qb5 18. Rc4 Bf5 19. a4 Qd7 20. e4 Bh3 21. Nf4 Bh6 22. Nxh3 Qxh3 23. Bg2 Qd7 24. Rf1 b5 25. axb5 Rb8 26. b4 cxb4 27. Rxb4 Rxb5 28. Rxb5 Qxb5 29. d4 Rb8 30. Ba3 Nc8 31. dxe5 Bg7 32. f4 Qe2 33. Qc1 dxe5 34. Qc7 Qe3+ 35. Kh1 Qb6 36. Qd7 h6 37. fxe5 1-0

[Event "XIV Open"]
[Site "Ljubljana"]
[Date "2003.06.27"]
[Round "9"]
[White "Navinsek, Tomaz"]
[Black "Lenic, Luka"]
[Result "0-1"]
[WhiteElo "2311"]
[BlackElo "2399"]
[PlyCount "96"]
[EventDate "2003.06.21"]
[Source "Roberto Alvarez"]
[SourceDate "2003.07.07"]

1. b3 c5 2. Bb2 Nc6 3. Nf3 d6 4. d4 cxd4 5. Nxd4 Nf6 6. g3 Qa5+ 7. Qd2 Qh5 8. Nxc6 bxc6 9. Bg2 d5 10. Qc3 Bb7 11. Nd2 e6 12. h3 Be7 13. g4 Qh6 14. Qg3 Nd7 15. Qc7 Rb8 16. O-O-O Bd8 17. Qd6 Be7 18. Qc7 Bd8 19. Qd6 Rc8 20. h4 c5 21. g5 Qg6 22. Qg3 c4 23. bxc4 Nb6 24. f4 Nxc4 25. Nxc4 Rxc4 26. e4 dxe4 27. Qb3 Bd5 28. Qb5+ Rc6 29. Kb1 O-O 30. Bh3 Rb6 31. Qc5 f5 32. h5 Qf7 33. Ka1 Qe7 34. Rxd5 exd5 35. Qxd5+ Qf7 36. Qd4 Rxb2 37. Qxb2 Qxh5 38. Qe5 Qf3 39. Qd5+ Kh8 40. Rd1 Qc3+ 41. Kb1 Bc7 42. Qb3 Qa5 43. Rd5 Qe1+ 44. Kb2 Bxf4 45. a4 Bxg5 46. Rxf5 Bf6+ 47. c3 Qd2+ 48. Kb1 Qd3+ 0-1

[Event "Vitrobud Open"]
[Site "Sandomierz"]
[Date "1976.??.??"]
[Round "9"]
[White "Szilagyi, Gyorgy"]
[Black "Schaufelberger, Heinz"]
[Result "0-1"]
[WhiteElo "2380"]
[BlackElo "2325"]
[PlyCount "108"]
[EventDate "1976.??.??"]
[Source "www.chesslib.no"]
[SourceDate "2004.05.04"]

1. b3 c5 2. Bb2 Nc6 3. Nf3 d6 4. g3 e5 5. d3 g6 6. Bg2 Bg7 7. c4 Nge7 8. O-O O-O 9. Nc3 Rb8 10. e3 Kh8 11. a3 f5 12. Qc2 Be6 13. Ng5 Bg8 14. f4 exf4 15. gxf4 h6 16. Nh3 d5 17. cxd5 Nxd5 18. Nxd5 Bxd5 19. Bxg7+ Kxg7 20. Qxc5 Bxg2 21. Qc3+ Kh7 22. Kxg2 Re8 23. Rae1 Rc8 24. Nf2 Qd5+ 25. e4 Qd7 26. Qf6 Nd4 27. Re3 Rc2 28. Kh1 Re6 29. Qh4 Ra6 30. a4 Rb6 31. Rfe1 Rc7 32. Rb1 a5 33. Nh3 Kg7 34. Ng1 Rxb3 35. Rxb3 Nxb3 36. Rh3 h5 37. Rg3 Kh7 38. Qg5 Qe6 39. exf5 Qxf5 40. Qxf5 gxf5 41. Rg5 Nd4 42. Rxh5+ Kg7 43. Kg2 b5 44. axb5 a4 45. b6 Rc2+ 46. Kh3 a3 47. b7 Rb2 48. Rg5+ Kh6 49. Rg8 Rxb7 50. Ra8 Rb1 51. Ra6+ Kh5 52. Kg2 Rb2+ 53. Kg3 a2 54. Nf3 Nb3 0-1

[Event "AUT Ch"]
[Site "Austria"]
[Date "1979.??.??"]
[Round "5"]
[White "Roehrl, Karl"]
[Black "Danner, Georg"]
[Result "1/2-1/2"]
[WhiteElo "2370"]
[BlackElo "2335"]
[PlyCount "34"]
[EventDate "1979.??.??"]
[Source "www.chesslib.no"]
[SourceDate "2004.05.04"]

1. b3 c5 2. c4 Nc6 3. Bb2 e5 4. Nc3 g6 5. g3 Bg7 6. Bg2 Nge7 7. e3 O-O 8. Nge2 d6 9. O-O a6 10. d3 Rb8 11. Qd2 b5 12. Nd5 Nxd5 13. Bxd5 Ne7 14. Bg2 Be6 15. Rae1 Qb6 16. Nc3 Rfc8 17. Ba1 Qd8 1/2-1/2

[Event "Allemagne Bundesliga (feminin)"]
[Site "?"]
[Date "2004.03.14"]
[Round "9.1"]
[White "Zielinska Marta"]
[Black "Burchardt Brigitte"]
[Result "1-0"]
[WhiteElo "2429"]
[BlackElo "2273"]
[PlyCount "93"]
[EventDate "2004.??.??"]
[Source "www.chesslib.no"]
[SourceDate "2004.05.04"]

1. b3 c5 2. Bb2 d6 3. g3 Nc6 4. Bg2 Nf6 5. d3 e5 6. c4 Be7 7. Nc3 O-O 8. Nf3 h6 9. O-O Nh7 10. Nd5 f5 11. Nd2 Be6 12. a3 Qd7 13. b4 Rae8 14. b5 Nd8 15. b6 axb6 16. Nxb6 Qc7 17. Nd5 Qd7 18. Bc3 Bxd5 19. Bxd5+ Kh8 20. Bg2 Ng5 21. Nf3 Nxf3+ 22. Bxf3 Bf6 23. Bd5 f4 24. Rb1 Re7 25. e3 Bg5 26. Kg2 Qe8 27. h4 Bf6 28. Be4 g6 29. Bd2 fxg3 30. fxg3 Bg7 31. Qg4 Re6 32. Rxf8+ Bxf8 33. h5 Rf6 34. Bxg6 Qa4 35. Rf1 Rxf1 36. Kxf1 Bg7 37. Ke2 Qc6 38. Be4 Qe8 39. Qf5 Kg8 40. g4 Qe7 41. Ba5 Nf7 42. Bd5 Qf6 43. Qxf6 Bxf6 44. Bxb7 Kf8 45. Bd5 Ng5 46. Bb6 Ke8 47. Bc6+ 1-0

[Event "It (cat.3)"]
[Site "Guarapari (Brazil)"]
[Date "2007.06.18"]
[Round "9"]
[White "Brito Luizmar J (BRA)"]
[Black "Stamenkovic Dragan (SCG)"]
[Result "0-1"]
[WhiteElo "2275"]
[BlackElo "2423"]
[PlyCount "108"]
[EventDate "2007.??.??"]
[Source "www.chesslib.no"]
[SourceDate "2004.05.04"]

1. b3 c5 2. Bb2 d5 3. e3 Nf6 4. Be2 e6 5. d3 Bd6 6. Nd2 b6 7. c4 O-O 8. Ngf3 Nbd7 9. O-O Bb7 10. d4 Qe7 11. Ne5 cxd4 12. exd4 Rfd8 13. Bd3 Ba3 14. Bxa3 Qxa3 15. cxd5 Bxd5 16. Ndc4 Qe7 17. Qe2 Rac8 18. Rac1 Bb7 19. Rfd1 Rc7 20. Re1 Nf8 21. Rcd1 Qb4 22. Qe3 Rdc8 23. a3 Qe7 24. b4 Bd5 25. Qe2 Ng6 26. Nxg6 hxg6 27. Ne3 Rc3 28. Ra1 Bb3 29. Ba6 R8c7 30. Qf3 Qd6 31. Qa8+ Kh7 32. Bf1 Qxd4 33. Rad1 Bxd1 34. Rxd1 Qe4 35. Qf8 Nd5 36. Nxd5 exd5 37. Qd8 Rc1 38. Rxd5 R7c2 39. Rd1 Rxd1 40. Qxd1 Rb2 41. Qd7 f5 42. g3 Rb1 43. Qb5 a5 44. h4 Qf3 45. h5 gxh5 46. Qc4 axb4 47. axb4 Rd1 48. Qb5 Rc1 49. Qa6 h4 50. gxh4 Qg4+ 51. Kh2 Qxh4+ 52. Kg1 Qg4+ 53. Kh2 Rc6 54. Bg2 Rh6+ 0-1

[Event "Hamburg"]
[Site "?"]
[Date "1992.??.??"]
[Round "3"]
[White "Schoof Martin"]
[Black "Schmidt Wlodzimierz"]
[Result "1-0"]
[WhiteElo "2275"]
[BlackElo "2420"]
[PlyCount "43"]
[EventDate "1992.??.??"]
[Source "www.chesslib.no"]
[SourceDate "2004.05.04"]

1. b3 c5 2. Bb2 Nc6 3. e4 d6 4. Bb5 Bd7 5. Nf3 e5 6. O-O a6 7. Bxc6 Bxc6 8. Re1 Nf6 9. c3 Be7 10. d4 exd4 11. cxd4 Bxe4 12. Nc3 Bg6 13. Qe2 b6 14. Rad1 Ra7 15. dxc5 bxc5 16. Ne5 Qc7 17. Ng4 O-O 18. Nxf6+ Bxf6 19. Nd5 Qd8 20. Bxf6 gxf6 21. Ne7+ Kg7 22. Nc6 1-0

[Event "XX Carlos Torre Magistral"]
[Site "Merida MEX"]
[Date "2007.12.15"]
[Round "1"]
[White "Alayola Montanez, J."]
[Black "Hernandez Carmenates, Hold"]
[Result "0-1"]
[WhiteElo "2128"]
[BlackElo "2566"]
[PlyCount "50"]
[EventDate "2007.12.15"]
[Source "www.chesslib.no"]
[SourceDate "2004.05.04"]

1. b3 c5 2. e3 Nc6 3. Bb2 e5 4. c4 Nge7 5. Nc3 d5 6. cxd5 Nxd5 7. Nf3 Be7 8. Be2 O-O 9. O-O Nxc3 10. Bxc3 e4 11. Ne1 Bf6 12. Rc1 b6 13. d3 Ba6 14. a3 Bxc3 15. Rxc3 Qf6 16. Rc2 Rad8 17. Rd2 Qc3 18. f3 exd3 19. Bxd3 Ne5 20. Bxh7+ Kxh7 21. Rxd8 Qxe3+ 22. Kh1 Rxd8 23. Qxd8 Bxf1 24. Qh4+ Qh6 25. Qe4+ Ng6 0-1

[Event "Rimavska Sobota"]
[Site "Rimavska Sobota"]
[Date "1974.??.??"]
[Round "13"]
[White "Ujtelky, Maximilian"]
[Black "Gesos, Pavlos"]
[Result "1-0"]
[WhiteElo "2295"]
[BlackElo "2390"]
[PlyCount "81"]
[EventDate "1974.??.??"]
[Source "ChessBase"]

1. b3 c5 2. Bb2 Nc6 3. e4 d6 4. g3 e5 5. Bg2 Nge7 6. Nf3 g6 7. c3 Bg7 8. O-O O-O 9. Na3 f5 10. d3 Rb8 11. Qe2 b5 12. Rfd1 h6 13. exf5 gxf5 14. Nc2 b4 15. Qd2 a5 16. Rab1 Be6 17. Qe1 f4 18. cxb4 axb4 19. d4 fxg3 20. dxe5 gxf2+ 21. Qxf2 Nxe5 22. Bxe5 Bxe5 23. Qe2 Ng6 24. Nxe5 Nxe5 25. Ne3 Qe7 26. Kh1 Rbd8 27. Rd2 Kh8 28. Rbd1 Rg8 29. Qh5 Nf7 30. Rf1 Qg5 31. Qe2 Rde8 32. Rd3 Qe5 33. Qd2 Rd8 34. Nd5 Qg5 35. Nf4 Bc8 36. Rg3 Qf6 37. Nd5 Qh4 38. Rf4 Qh5 39. Nf6 Qe5 40. Nxg8 Rxg8 41. Rxf7 1-0

[Event "UKR tt U18 3rd"]
[Site "?"]
[Date "2001.??.??"]
[Round "?"]
[White "Matjushin Gennady"]
[Black "Areshchenko Alexander"]
[Result "0-1"]
[WhiteElo "2349"]
[BlackElo "2335"]
[PlyCount "134"]
[EventDate "2001.??.??"]
[Source "www.chesslib.no"]
[SourceDate "2004.05.04"]

1. b3 c5 2. Bb2 Nc6 3. e3 d5 4. Bb5 Bd7 5. Nf3 e6 6. O-O Nf6 7. d3 Be7 8. Nbd2 O-O 9. Bxc6 Bxc6 10. Ne5 Qc7 11. f4 b6 12. Nxc6 Qxc6 13. c4 Rfd8 14. Qe2 b5 15. Rfd1 Rab8 16. cxd5 Nxd5 17. Nf3 Qb6 18. Be5 Bd6 19. Rac1 Bxe5 20. Nxe5 f6 21. Nf3 c4 22. d4 b4 23. Rf1 c3 24. g4 Qb5 25. Kf2 a5 26. Qxb5 Rxb5 27. a4 bxa3 28. e4 Nxf4 29. Rxc3 a4 30. b4 Rxb4 31. Rxa3 Rb2+ 32. Kg1 Rg2+ 33. Kh1 Rxg4 34. Rxa4 Nh3 35. e5 Re8 36. Ra2 fxe5 37. Nxe5 Rxd4 38. Ra7 Rd2 39. Nc6 Kh8 40. Rc7 Rg8 41. Ne5 Nf2+ 42. Kg1 Rf8 43. Rf7 Nh3+ 44. Kh1 Rxf7 45. Rxf7 h6 46. Nf3 Rf2 47. Rf8+ Kh7 48. Ng5+ hxg5 49. Rh8+ Kg6 50. Rxh3 e5 51. Kg1 Re2 52. Rf3 e4 53. Rf8 e3 54. Rf3 g4 55. Rf4 Kg5 56. Rf7 Ra2 57. Re7 e2 58. Kf2 e1=Q+ 59. Kxe1 g6 60. Kf1 Rxh2 61. Kg1 Ra2 62. Re3 Kf4 63. Rb3 Kg5 64. Rc3 Kh4 65. Rb3 Kg5 66. Rc3 Kf5 67. Rb3 Re2 0-1

[Event "Montpellier op 7th"]
[Site "?"]
[Date "2000.07.??"]
[Round "7"]
[White "Chatalbashev Boris"]
[Black "Cheparinov Ivan"]
[Result "1/2-1/2"]
[WhiteElo "2494"]
[BlackElo "2189"]
[PlyCount "80"]
[EventDate "2000.??.??"]
[Source "www.chesslib.no"]
[SourceDate "2004.05.04"]

1. b3 c5 2. Bb2 Nc6 3. e3 Nf6 4. Nf3 e6 5. Bb5 Qb6 6. Na3 d6 7. O-O Bd7 8. d3 Be7 9. e4 O-O 10. Bxc6 Bxc6 11. Nc4 Qc7 12. Re1 Nd7 13. Qd2 b5 14. Na5 Bf6 15. d4 Rad8 16. Nxc6 Qxc6 17. d5 exd5 18. exd5 Qb7 19. Bxf6 Nxf6 20. c4 Rfe8 21. h3 Rxe1+ 22. Rxe1 bxc4 23. bxc4 Re8 24. Rxe8+ Nxe8 25. Qe1 Nf6 26. g4 Qd7 27. Kg2 g6 28. Kg3 Kf8 29. Qe3 Qe7 30. Qf4 Kg7 31. Kg2 Qe2 32. Nd2 h6 33. Qe3 Qxe3 34. fxe3 Kf8 35. Kg3 Ke7 36. Kf4 Nd7 37. Nf3 Nb6 38. Nd2 Nd7 39. Nf3 Nb6 40. Nd2 Nd7 1/2-1/2

[Event "Zadar (open)"]
[Site "?"]
[Date "2004.12.14"]
[Round "3.19"]
[White "Kalajzic Ivan"]
[Black "Dizdarevic Emir"]
[Result "0-1"]
[WhiteElo "2135"]
[BlackElo "2538"]
[PlyCount "94"]
[EventDate "2004.??.??"]
[Source "www.chesslib.no"]
[SourceDate "2004.05.04"]

1. b3 c5 2. Bb2 Nc6 3. Nf3 d6 4. g3 e5 5. d3 g6 6. Bg2 Bg7 7. e4 Nge7 8. Nbd2 O-O 9. O-O h6 10. Qe2 Be6 11. a4 Qd7 12. Nc4 f5 13. Bh3 g5 14. exf5 Nxf5 15. Rae1 Rf7 16. Bg2 Raf8 17. Nfd2 Nfd4 18. Bxd4 Nxd4 19. Qd1 Bg4 20. f3 Bh5 21. c3 Nc6 22. Ne3 d5 23. Ng4 Bg6 24. Nf2 Kh8 25. Nb1 Bh5 26. g4 Bg6 27. Nh1 Qd8 28. Ng3 Rd7 29. Qe2 Qb6 30. Nd2 c4+ 31. Qf2 Bxd3 32. Qxb6 axb6 33. Rf2 cxb3 34. Nxb3 Rf4 35. Rd2 Bc4 36. Nc1 e4 37. Nce2 exf3 38. Nxf4 gxf4 39. Re8+ Kh7 40. Bf1 fxg3 41. Bxc4 Bxc3 42. Rd3 Nd4 43. hxg3 dxc4 44. Rde3 Bb4 45. Kf2 Bc5 46. Kf1 Nb3 47. Kf2 c3 0-1

[Event "10th TCh-Euro sen"]
[Site "Dresden GER"]
[Date "2008.02.15"]
[Round "5"]
[White "Turikov, V."]
[Black "Rosen, W."]
[Result "1-0"]
[WhiteElo "2334"]
[BlackElo "2335"]
[PlyCount "73"]
[EventDate "2008.02.11"]
[Source "www.chesslib.no"]
[SourceDate "2004.05.04"]

1. b3 c5 2. Bb2 Nc6 3. e3 e6 4. Nf3 Nf6 5. c4 Be7 6. Be2 O-O 7. O-O d6 8. d4 Ne4 9. Nbd2 Nxd2 10. Qxd2 Qc7 11. d5 Nd8 12. e4 e5 13. Rad1 f6 14. Nh4 Nf7 15. g3 Bd7 16. f4 a6 17. Rf2 b5 18. Bh5 g6 19. Be2 bxc4 20. bxc4 a5 21. Bc3 a4 22. Ng2 Rab8 23. Ne3 Rb7 24. Bg4 Rfb8 25. Be6 Rb1 26. Rff1 Rxd1 27. Qxd1 Be8 28. Ng4 Kg7 29. Qf3 h5 30. Ne3 Rb7 31. g4 exf4 32. Bxf7 Bxf7 33. Qxf4 Kg8 34. gxh5 gxh5 35. Qh6 Qb8 36. Nf5 Qf8 37. Nxe7+ 1-0